000 00698 a2200205 4500
999 _c4282
_d4282
010 _aENG-86230
020 _a9788120331693
_c295.00
035 _aEN-69763
037 _bDBAD / PUB
082 1 4 _a323.0420973
245 1 _aModernizing democracy :
_cedited by Terry F.Buss, F.Stevens Redburn and Kristina Guo
_binnovations in citizen participation /
260 _aNew Delhi
_bPrentice-Hall of India
_c2007
270 _aM-97, Connaught Circus
_bNew Delhi
_cNew Delhi
_e110 001
300 _ax, 350p.
_c22cm. (Pbk)
500 _aIncludes index
700 _aBuss, Terry F.
700 _aRedburn, F.Stevens
700 _aGuo, Kristina
942 _adpl
_cEN
_2ddc
_h323.0420973
_m MOD